Detalles MARC
| 000 -LEADER |
| fixed length control field |
03175nam a2200469Ii 4500 |
| 001 - CONTROL NUMBER |
| control field |
DIGFCE0264 |
| 003 - CONTROL NUMBER IDENTIFIER |
| control field |
NyNyDIG |
| 006 - FIXED-LENGTH DATA ELEMENTS--ADDITIONAL MATERIAL CHARACTERISTICS |
| fixed length control field |
m o d |
| 007 - PHYSICAL DESCRIPTION FIXED FIELD--GENERAL INFORMATION |
| fixed length control field |
cr ||||||||||| |
| 008 - FIXED-LENGTH DATA ELEMENTS--GENERAL INFORMATION |
| fixed length control field |
170801t20132003mx ob 000 0 spa d |
| 035 ## - SYSTEM CONTROL NUMBER |
| System control number |
(OCoLC)1001307403 |
| 040 ## - CATALOGING SOURCE |
| Original cataloging agency |
DGITA |
| Language of cataloging |
eng |
| Description conventions |
rda |
| -- |
pn |
| Transcribing agency |
DGITA |
| 020 ## - INTERNATIONAL STANDARD BOOK NUMBER |
| International Standard Book Number |
9786071614148 |
| Qualifying information |
(eBook ; |
| -- |
ePub) |
| 020 ## - INTERNATIONAL STANDARD BOOK NUMBER |
| International Standard Book Number |
6071614147 |
| Qualifying information |
(eBook ; |
| -- |
ePub) |
| 020 ## - INTERNATIONAL STANDARD BOOK NUMBER |
| Canceled/invalid ISBN |
9681670000 |
| 020 ## - INTERNATIONAL STANDARD BOOK NUMBER |
| Canceled/invalid ISBN |
9789681670009 |
| 050 14 - LIBRARY OF CONGRESS CALL NUMBER |
| Classification number |
B809.8 ebook |
| 082 04 - DEWEY DECIMAL CLASSIFICATION NUMBER |
| Classification number |
196.1 |
| 100 1# - MAIN ENTRY--PERSONAL NAME |
| Personal name |
Sánchez Vázquez, Adolfo, |
| Relator term |
author. |
| 245 10 - TITLE STATEMENT |
| Title |
A tiempo y destiempo : |
| Remainder of title |
antología de ensayos / |
| Statement of responsibility, etc. |
Adolfo Sánchez Vázquez ; prólogo de Ramón Xirau. |
| 250 ## - EDITION STATEMENT |
| Edition statement |
Primera edición electrónica. |
| 264 #1 - PRODUCTION, PUBLICATION, DISTRIBUTION, MANUFACTURE, AND COPYRIGHT NOTICE |
| Place of production, publication, distribution, manufacture |
México, D.F. : |
| Name of producer, publisher, distributor, manufacturer |
Fondo de Cultura Económica, |
| Date of production, publication, distribution, manufacture, or copyright notice |
2013. |
| 264 #4 - PRODUCTION, PUBLICATION, DISTRIBUTION, MANUFACTURE, AND COPYRIGHT NOTICE |
| Date of production, publication, distribution, manufacture, or copyright notice |
©2003 |
| 300 ## - PHYSICAL DESCRIPTION |
| Extent |
1 online resource. |
| 336 ## - CONTENT TYPE |
| Content type term |
text |
| Content type code |
txt |
| Source |
rdacontent |
| 337 ## - MEDIA TYPE |
| Media type term |
computer |
| Media type code |
c |
| Source |
rdamedia |
| 338 ## - CARRIER TYPE |
| Carrier type term |
online resource |
| Carrier type code |
cr |
| Source |
rdacarrier |
| 490 1# - SERIES STATEMENT |
| Series statement |
Sección de obras de filosofía |
| 504 ## - BIBLIOGRAPHY, ETC. NOTE |
| Bibliography, etc. note |
Includes bibliographical references. |
| 505 0# - FORMATTED CONTENTS NOTE |
| Formatted contents note |
Vida y filosofía -- Una vida en la UNAM -- El imperativo de mi filosofar -- El "sueño" metódico de Sor Juana -- El tiempo en la poesía española -- Miseria y esplendor de Gogol -- Humanismo y visión de España en Antonio Machado -- Los del 98 y la política -- Octavio Paz en su "Laberinto". En torno a "El laberinto de la soledad" medio siglo después -- Socialización de la creación o muerte del arte -- Modernidad, vanguardia y posmodernismo -- Claves de la ideología estética de Diego Rivera -- La filosofía sin más ni menos -- Filosofía, ideología y sociedad -- ¿Qué hacer con la historia de la filosofía? -- Las revoluciones filosóficas : de Kant a Marx -- Una nueva práctica de la filosofía -- Las explicaciones teleológicas de la historia -- El antihumanismo de Heidegger entre dos olvidos -- Izquierda y derecha en política : ¿y en la moral? -- Racionalidad y emancipación en Marx -- Marxismo y praxis -- Ideal socialista y socialismo real -- Después del derrumbe -- ¿Vale la pena el socialismo? -- La ideología de la "neutralidad ideológica" en las ciencias sociales -- La crítica de la ideología en Luis Villoro -- La utopía de don Quijote -- La utopía del "fin de la utopía" -- Fin del exilio y exilio sin fin -- Entre la memoria y el olvido -- Mi trato con la poesía en el exilio -- Del destierro al transtierro -- Procedencia de los textos. |
| 588 0# - SOURCE OF DESCRIPTION NOTE |
| Source of description note |
Online resource; title from ePub title page (Digitalia, viewed August 2, 2017) |
| 650 #0 - SUBJECT ADDED ENTRY--TOPICAL TERM |
| Topical term or geographic name entry element |
Philosophy, Marxist. |
| 655 #0 - INDEX TERM--GENRE/FORM |
| Genre/form data or focus term |
Electronic books. |
| 700 1# - ADDED ENTRY--PERSONAL NAME |
| Personal name |
Xirau, Ramón, |
| Relator term |
contributor agent of text. |
| 791 2# - |
| -- |
Digitalia (Firm), |
| -- |
distributor. |
| 793 0# - |
| -- |
Digitalia eBook Collection: |
| -- |
Fondo de Cultura Económica |
| 776 08 - ADDITIONAL PHYSICAL FORM ENTRY |
| Relationship information |
Print version: |
| Main entry heading |
Sánchez Vázquez, Adolfo, 1915-2011. |
| Title |
A tiempo y destiempo. |
| Place, publisher, and date of publication |
México, D.F. : Fondo de Cultura Económica, 2003 |
| International Standard Book Number |
9789681670009 |
| Record control number |
(OCoLC)53705798 |
| 830 #0 - SERIES ADDED ENTRY--UNIFORM TITLE |
| Uniform title |
Sección de obras de filosofía. |
| 856 40 - ELECTRONIC LOCATION AND ACCESS |
| Materials specified |
Digitalia Hispánica |
| Uniform Resource Identifier |
<a href="https://www.digitaliapublishing.com/a/43341/">https://www.digitaliapublishing.com/a/43341/</a> |
| 910 ## - USER-OPTION DATA (OCLC) |
| User-option data |
Premium collection: 2017 |
| 942 ## - ADDED ENTRY ELEMENTS (KOHA) |
| Koha item type |
Recurso Electrónico |